[Event "Tortosa op"]
[Site "Tortosa"]
[Date "1996.07.07"]
[Round "3"]
[White "Poy Prades, Marti"]
[Black "Castells Jose, Narciso"]
[Result "1-0"]
[WhiteElo "2010"]
[BlackElo "1820"]
[PlyCount "61"]
[EventDate "1996.07.05"]
[EventType "swiss"]
[EventRounds "9"]
[EventCountry "ESP"]
[SourceTitle "EXT 2003"]
[Source "ChessBase"]
[SourceDate "2002.11.25"]
[SourceVersion "1"]
[SourceVersionDate "2002.11.25"]
[SourceQuality "1"]

1. e4 c6 2. d4 e6 3. Nf3 h6 4. c4 Be7 5. Nc3 d6 6. Bf4 Nd7 7. Be2 Nb6 8. 0-0 Nf6 9. h3 Nh7 10. Qc2 Bd7 11. Rad1 Ng5 12. Nh2 Qc7 13. c5 Nc8 14. cxd6 Bxd6 15. e5 Be7 16. Bd3 f5 17. Bxg5 Bxg5 18. f4 Be7 19. Qe2 h5 20. Rc1 a6 21. d5 exd5 22. e6 Nd6 23. exd7+ Qxd7 24. Rfe1 g6 25. Nf3 Nf7 26. Na4 b5 27. Nb6 Qa7 28. Kh1 Rb8 29. Rxc6 Rxb6 30. Rxb6 Kd8 31. Rb8+ 1-0

[Event "Tortosa op"]
[Site "Tortosa"]
[Date "1996.07.05"]
[Round "1"]
[White "Bayerri Rosa, Xavier"]
[Black "Castells Jose, Narciso"]
[Result "1-0"]
[WhiteElo "2110"]
[BlackElo "1820"]
[PlyCount "71"]
[EventDate "1996.07.05"]
[EventType "swiss"]
[EventRounds "9"]
[EventCountry "ESP"]
[SourceTitle "EXT 2003"]
[Source "ChessBase"]
[SourceDate "2002.11.25"]
[SourceVersion "1"]
[SourceVersionDate "2002.11.25"]
[SourceQuality "1"]

1. d4 c6 2. c4 e6 3. Nc3 Nf6 4. a3 d5 5. Bg5 Be7 6. e3 Nbd7 7. Nf3 0-0 8. Bd3 dxc4 9. Bxc4 Nb6 10. Bd3 Nfd7 11. Bxe7 Qxe7 12. Qc2 g6 13. h4 Nf6 14. Ne5 Nbd7 15. Qe2 Nxe5 16. dxe5 Nd5 17. Ne4 f6 18. exf6 Nxf6 19. Ng5 e5 20. f3 b5 21. 0-0-0 Bb7 22. g4 Nd5 23. Ne4 a5 24. g5 Bc8 25. h5 Bf5 26. hxg6 Bxg6 27. Rdg1 Rf7 28. Nf6+ Rxf6 29. gxf6 Qxf6 30. Rxh7 Kxh7 31. Qh2+ Kg7 32. Rxg6+ Qxg6 33. Bxg6 Kxg6 34. Qxe5 Rf8 35. e4 Rf6 36. exd5 1-0